Black Metal: Beginners - Statistics

General Stats
  • This quiz has been taken 562 times
  • The average score is 11 of 15
Answer Stats
Hint Answer % Correct
Which country spawned the second wave of black metal? Norway
98%
Name any of the four best known first wave of black metal bands? Venom/Celtic Frost/Bathory/Mercyful Fate
94%
Name any of the past or present vocalists of Mayhem? Attila Csihar/Euronymous/Maniac/Dead/Occultus
91%
What wave of crimes is associated with many of the bands and fans from that era? Church burnings
90%
What is the name of the ghoulish face/body paint used by many bands? Corpse paint
86%
Where do Dissection, Dark Funeral and Watain come from? Sweden
84%
Fenriz and Nocturno Culto have been the main members of which band? Darkthrone
82%
Abbath and Demonaz have been the main members of which band? Immortal
75%
What does NSBM stand for? National Socialist Black Metal
69%
What subgenre includes Emperor, Dimmu Borgir and Limbonic Art? Symphonic Black Metal
69%
What is meant by the terms Unblack or White Metal? Christian 'Black' Metal
68%
Where do Absu, Judas Iscariot and Wolves in the Throne Room come from? United States of America
67%
What subgenre includes Xasthur, Lifelover, Leviathan and Shining?* Depressive Black Metal
65%
Where do Anaal Nathrakh, Bal-Sagoth and Fen come from? United Kingdom
59%
Excluding satanic and biblical writers, which author has likely been the most influential among black metal bands? J.R.R. Tolkien
42%
No matching quizzes found
Score Distribution
Percent of People with Each Score
Percentile by Number Answered
Your Score History
You have not taken this quiz